50 Bande-Dessinées Cultes par Image - Statistiques

Statistiques générales
  • Ce quiz a été pris 197 fois
  • Le résultat moyen est 21 sur 50
Statistiques - réponses
Par images Réponse % Correct
Astérix
96%
Marsupilami
96%
Boule et Bill
95%
Lucky Luke
93%
Tintin
93%
Yakari
92%
Gaston
91%
Le Chat
83%
Spirou et Fantasio
80%
Blake et Mortimer
70%
Léonard
68%
Les tuniques bleues
68%
Lou
58%
Michel Vaillant
58%
Alix
55%
Corto Maltese
53%
Johan et Pirlouit
47%
Achille Talon
46%
Rahan
46%
Thorgal
46%
Largo Winch
45%
Mélusine
44%
Papyrus
41%
XIII
40%
Yoko Tsuno
39%
Le chat du rabbin
32%
Pierre Tombal
32%
Blacksad
31%
Calvin et Hobbes
30%
Persépolis
29%
Lanfeust de Troy
28%
Buck Danny
27%
Le Scrameustache
25%
Petit vampire
24%
De cape et de crocs
18%
Le scorpion
17%
Valérian et Laureline
17%
La quête de l'oiseau du temps
16%
Jérôme K. Jérôme Bloche
15%
Le combat ordinaire
13%
Les passagers du vent
13%
Aldébaran
12%
Djinn
8%
Garulfo
7%
Lastman
7%
Le grand pouvoir du Chninkel
7%
L'Incal
6%
Okko
5%
Alim le Tanneur
3%
Roc Hochet
0%
Aucun quiz correspondant
Distribution des résultats
% des personnes avec chaque résultat
Percentile par nombre de réponses
Votre historique - résultats
Vous n’avez pas pris ce quiz